|
|
|
|
| LEADER |
01711nam a22004815i 4500 |
| 001 |
978-3-540-27852-8 |
| 003 |
DE-He213 |
| 005 |
20151204161340.0 |
| 007 |
cr nn 008mamaa |
| 008 |
100301s2005 gw | s |||| 0|eng d |
| 020 |
|
|
|a 9783540278528
|9 978-3-540-27852-8
|
| 024 |
7 |
|
|a 10.1007/3-540-27852-4
|2 doi
|
| 040 |
|
|
|d GrThAP
|
| 050 |
|
4 |
|a HD30.23
|
| 072 |
|
7 |
|a KJT
|2 bicssc
|
| 072 |
|
7 |
|a KJMD
|2 bicssc
|
| 072 |
|
7 |
|a BUS049000
|2 bisacsh
|
| 082 |
0 |
4 |
|a 658.40301
|2 23
|
| 100 |
1 |
|
|a Schwindt, Christoph.
|e author.
|
| 245 |
1 |
0 |
|a Resource Allocation in Project Management
|h [electronic resource] /
|c by Christoph Schwindt.
|
| 264 |
|
1 |
|a Berlin, Heidelberg :
|b Springer Berlin Heidelberg,
|c 2005.
|
| 300 |
|
|
|a X, 194 p.
|b online resource.
|
| 336 |
|
|
|a text
|b txt
|2 rdacontent
|
| 337 |
|
|
|a computer
|b c
|2 rdamedia
|
| 338 |
|
|
|a online resource
|b cr
|2 rdacarrier
|
| 347 |
|
|
|a text file
|b PDF
|2 rda
|
| 490 |
1 |
|
|a GOR ■ Publications
|
| 505 |
0 |
|
|a Models and Basic Concepts -- Relations, Schedules, and Objective Functions -- Relaxation-Based Algorithms -- Constructive Algorithms -- Supplements -- Applications -- Conclusions.
|
| 650 |
|
0 |
|a Business.
|
| 650 |
|
0 |
|a Organization.
|
| 650 |
|
0 |
|a Planning.
|
| 650 |
|
0 |
|a Operations research.
|
| 650 |
|
0 |
|a Decision making.
|
| 650 |
1 |
4 |
|a Business and Management.
|
| 650 |
2 |
4 |
|a Operation Research/Decision Theory.
|
| 650 |
2 |
4 |
|a Organization.
|
| 710 |
2 |
|
|a SpringerLink (Online service)
|
| 773 |
0 |
|
|t Springer eBooks
|
| 776 |
0 |
8 |
|i Printed edition:
|z 9783540254102
|
| 830 |
|
0 |
|a GOR ■ Publications
|
| 856 |
4 |
0 |
|u http://dx.doi.org/10.1007/3-540-27852-4
|z Full Text via HEAL-Link
|
| 912 |
|
|
|a ZDB-2-SBE
|
| 950 |
|
|
|a Business and Economics (Springer-11643)
|